000 00349 a2200169 4500
001 192297
020 _a978-85-250-5500-2
040 _cMagnum
100 _aFerreira, Leila
240 1 0 _aViver não dói
_lpor
245 1 0 _aViver não dói
300 _a276
362 0 _a2013
440 1 _aGlobo
697 _aLITERATURA GERAL
942 _cBK
999 _c192297
_d192297